01154pam a2200325 a 450000100040000000500170000400800410002102000220006202000170008404000230010105000250012408200080014910000240015724500850018125000440026626000370031030000390034749000320038650000290041850500080044752001760045552100200063152100200065165000260067165000260069770000320072390600450075594200150080099900130081591020230821145729.0970822s1998 nyua b 000 1 eng  a0679890505 (pbk.) a090129003990 aDLCcDLCdDLCbeng00aPZ7.O81167bVag 199800aFic1 aOsborne, Mary Pope.10aVacation under the volcano cby Mary Pope Osborne ; illustrated by Sal Murdocca. aPrinted in the United States of America aNew York :bRandom House,c1998. a74 pages :billustration ;c20 cm 1 aMagic tree house ;vBook 13 a"A Stepping Stone book." aG  aTheir magic tree house takes Annie and Jack to Pompeii just as Vesuvius is about to erupt, and they must find a Roman scroll before everything is covered with burning ash.0 a410 bLexile 0 aG bRaz-Plus  1aTime travelxFiction. 1aTree housesxFiction.1 aMurdocca, Sal eillustrator a7bcbccorignewd1eocipf19gy-gencatlg 2ddccBKn0 c910d910